Price theory /

Bewaard in:
Bibliografische gegevens
Hoofdauteur: Bain, Joe S. (Joe Staten), 1912-
Formaat: Boek
Taal:English
Gepubliceerd in: New York : Wiley, 1966.
Onderwerpen:
LEADER 00863nam a2200217 i 4500
001 c000344810
003 CARM
005 00000000000000.0
008 850416n at 00000 eng d
019 1 |a 3758418  |z 9104804  |5 LACONCORD2021 
035 |a (OCoLC)7396725  |5 LACONCORD2021 
100 1 |a Bain, Joe S.  |q (Joe Staten),  |d 1912- 
245 1 0 |a Price theory /  |c Joe S. Bain. 
260 |a New York :  |b Wiley,  |c 1966. 
300 |a xv,461p. ;  |c 22cm. 
500 |a A revised and enlarged edition of the first part of Pricing, distribution and employment, c1948 by Holt, Rinehart and Winston. 
650 0 |a Prices. 
852 8 |b CARM  |h A1:AM26G0  |i B09627  |p 0435649  |f BK 
082 0 4 |a 338.5201 
999 f f |i 28dacf23-4b78-5b5e-a02f-aa8c1ca6be8f  |s 07c234b1-0615-53dc-8d1c-2b018feaa0dc 
952 f f |p Can circulate  |a CAVAL  |b CAVAL  |c CAVAL  |d CARM 1 Store  |e B09627  |f A1:AM26G0  |h Other scheme  |i book  |m 0435649